Organizational Behavior . / (Record no. 1909)

MARC details
000 -LEADER
Fixed length control field 00502nam a2200181 4500
003 - CONTROL NUMBER IDENTIFIER
Control field SEACOMEC
005 - DATE AND TIME OF LATEST TRANSACTION
Control field 20241224123740.0
008 - FIXED-LENGTH DATA ELEMENTS--GENERAL INFORMATION
Fixed length control field 241224b |||||||| |||| 00| 0 eng d
020 ## - INTERNATIONAL STANDARD BOOK NUMBER / ISBN
International Standard Book Number 978-0132431569
Price 475.00
040 ## - CATALOGING SOURCE
Original cataloging agency SEACOMEC
082 ## - DEWEY DECIMAL CLASSIFICATION NUMBER
Classification number 658.402
Book Number R636
100 ## - MAIN ENTRY--PERSONAL NAME
Personal name Robbins, Stephen P
245 ## - TITLE STATEMENT
Title Organizational Behavior . /
Statement of responsibility Stephen P. Robbins , Judge, Timothy A & Seema Sanghi
250 ## - EDITION STATEMENT
Edition statement 12Th Ed
260 ## - IMPRINT
Place of publication Delhi :
Name of publisher Pearson Education,
Date of publication 2008
300 ## - PHYSICAL DESCRIPTION
Page / Vol. No 759 p
942 ## - ADDED ENTRY ELEMENTS (KOHA)
Koha item type Books
Holdings
Withdrawn status Lost status Source of classification Damaged status Not for loan Home library Current library Date acquired Total Checkouts Call number Accession number Date last seen Price effective from Koha item type Copy number
    Dewey Decimal Classification     SEACOM ENGINEERING COLLEGE SEACOM ENGINEERING COLLEGE 05/05/2008   658.402 R636 11462 24/12/2024 24/12/2024 Books  
    Dewey Decimal Classification     SEACOM ENGINEERING COLLEGE SEACOM ENGINEERING COLLEGE 05/05/2008   658.402 R636 11463 24/12/2024 24/12/2024 Books 1
    Dewey Decimal Classification     SEACOM ENGINEERING COLLEGE SEACOM ENGINEERING COLLEGE 05/05/2008   658.402 R636 11464 24/12/2024 24/12/2024 Books 2
    Dewey Decimal Classification     SEACOM ENGINEERING COLLEGE SEACOM ENGINEERING COLLEGE 05/05/2008   658.402 R636 11465 24/12/2024 24/12/2024 Books 3
    Dewey Decimal Classification     SEACOM ENGINEERING COLLEGE SEACOM ENGINEERING COLLEGE 05/05/2008   658.402 R636 11466 24/12/2024 24/12/2024 Books 4
    Dewey Decimal Classification     SEACOM ENGINEERING COLLEGE SEACOM ENGINEERING COLLEGE 05/05/2008   658.402 R636 11467 24/12/2024 24/12/2024 Books 5
    Dewey Decimal Classification     SEACOM ENGINEERING COLLEGE SEACOM ENGINEERING COLLEGE 05/05/2008   658.402 R636 11468 24/12/2024 24/12/2024 Books 6
    Dewey Decimal Classification     SEACOM ENGINEERING COLLEGE SEACOM ENGINEERING COLLEGE 05/05/2008   658.402 R636 11469 24/12/2024 24/12/2024 Books 7
    Dewey Decimal Classification     SEACOM ENGINEERING COLLEGE SEACOM ENGINEERING COLLEGE 05/05/2008   658.402 R636 11470 24/12/2024 24/12/2024 Books 8
    Dewey Decimal Classification     SEACOM ENGINEERING COLLEGE SEACOM ENGINEERING COLLEGE 05/05/2008   658.402 R636 11471 24/12/2024 24/12/2024 Books 9
© Seacom Engineering College, All rights reserved.      Powered by Koha